El usufructo de acciones (Record no. 72102)

MARC details
000 -LEADER
campo de control de longitud fija 00524nam a2200169 i 4500
001 - NÚMERO DE CONTROL
campo de control 72102
003 - IDENTIFICADOR DE NÚMERO DE CONTROL
campo de control ES-MaACL
005 - FECHA Y HORA DE LA ÚLTIMA TRANSACCIÓN
campo de control 20230906171326.0
007 - CAMPO FIJO DE DESCRIPCIÓN FÍSICA--INFORMACIÓN GENERAL
campo de control de longitud fija t|
008 - DATOS DE LONGITUD FIJA--INFORMACIÓN GENERAL
campo de control de longitud fija 040826s1981 sp ||||1| spa d
100 1# - ENTRADA PRINCIPAL--NOMBRE DE PERSONA
Nombre de persona Gil Rodríguez, Jacinto.
9 (RLIN) 56871
245 13 - MENCIÓN DEL TÍTULO
Título El usufructo de acciones
Resto del título : (aspectos civiles) /
Mención de responsabilidad, etc. Jacinto Gil Rodríguez.
260 ## - PUBLICACIÓN, DISTRIBUCIÓN, ETC.
Lugar de publicación, distribución, etc. [Madrid] :
Nombre del editor, distribuidor, etc. Revista de Derecho Privado,
Fecha de publicación, distribución, etc. [1981]
300 ## - DESCRIPCIÓN FÍSICA
Extensión 510 p. ;
Dimensiones 22 cm.
700 1# - ENTRADA AGREGADA--NOMBRE PERSONAL
Nombre de persona García Cantero, Gabriel.
9 (RLIN) 54335
852 ## - LOCALIZACIÓN
Ubicación ES-MaACL
Número de control de estantería L-1480
Sublocalización o colección R.102138
Holdings
Estatus retirado Estado de pérdida Estado de daño No para préstamo Biblioteca de origen Biblioteca actual Ubicación en estantería Fecha de adquisición Fuente de adquisición Total de préstamos Signatura topográfica completa Código de barras Visto por última vez Precio de reemplazo Tipo de ítem Koha
        Biblioteca del Ateneo de Madrid Biblioteca del Ateneo de Madrid Depósito 2 17/01/2008     L-1480 1075484 23/02/2023 23/02/2023 Libro impreso